000 00806nam a2200229Ia 4500
001 16933
003 GE_BSU
008 181216s||||||||xx |||||||||||||| ||und||
040 _cGE_BSU
080 _a82-93:821.353.1-1
100 _aერისთავი, რ.
245 _aთხზულებანი
245 _bლექსები, პოემები
245 _cშეადგინა, წინასიტყვ. შენიშვნები და ლექსიკონი დაურთო ნ. ალანიამ
260 _aთბილისი
260 _bნაკადული
260 _c1974
300 _a229გვ. ; 22სმ.
653 _aთხზულებანი
653 _aლექსები, პოემები
942 _cBK
999 _c49996
_d49996